00797 a2200193 45000010006000000050017000060080041000230030015000640400040000790800047001192450046001660200018002122500012002302640076002423000019003185050224003370410008005611000034005695971120260407155851.0260407a1982 arg spa dAR-UNSa-BCEJYS aAR-UNSa-BCEJYSbspacAR-UNSa-BCEJYS a325.3xColonización. Política Colonial10aLa venta de oficios en Indias (1492-1606) a84-7351-026-0 a2a. ed. 1aMadrid :bInstituto Nacional de Administración Pública (INAP)c1982 a180 p.c24 cm. a1. Planeamiento y fuentes - 2. El comercio privado de oficios en Castilla y en Indias hasta 1558 – 3. Génesis del régimen jurídico específicamente indiano sobre ventas y renuncias de oficios entre 1558 y 1606  aspa1 aTomás y Valiente, Francisco